000 00912nam a2200289 u 4500
001 590652
005 20260506084340.0
008 000426s1999 spa
020 _a8400078241
035 _a590652
035 _a(OCoLC)432768997
040 _ccomduadb
041 _aspa
082 4 _a320
100 1 0 _aSevilla Soler, Rosario
_4edt
_eedt
_9514222
245 1 0 _aConsolidacion republicana en America Latina
260 _aSevilla :
_bEscuela de Estudios Hispanoamericanos,
_c1999.
300 _a247 páginas
650 7 _aDemocracia
_zAmérica Latina
_2lemb
_942005
650 _aArgentina - Política
_9172289
650 7 _aHistoriografía
_2lemb
_95353
650 7 _aMovimientos sociales
_zAmérica Latina
_2lemb
_936081
650 _aPeru - Relaciones exteriores
_917788
650 _aBrasil - Relaciones exteriores - Colombia
_947117
650 _aEspaña
_928211
942 _cBOOK
999 _c146335
_d146335